| 000 | 01525cam a22004454a 4500 | ||
|---|---|---|---|
| 001 | muse85020 | ||
| 003 | MdBmJHUP | ||
| 005 | 20210127151636.0 | ||
| 006 | m o d | ||
| 007 | cr||||||||nn|n | ||
| 008 | 000229s1998 mx o 00 0 spa d | ||
| 010 | _z 00308143 | ||
| 020 | _a9786076286531 | ||
| 020 | _z9681209257 | ||
| 020 | _z9789681209254 | ||
| 035 | _a(OCoLC)1151431483 | ||
| 040 |
_aMdBmJHUP _cMdBmJHUP |
||
| 043 | _an-mx--- | ||
| 050 | 0 | 4 |
_aHT127.7 _b.S23 1999 |
| 100 | 1 | _aSalazar Cruz, Clara Eugenia. | |
| 245 | 1 | 0 |
_aEspacio y vida cotidiana en la Ciudad de México _cClara Eugenia Salazar Cruz. |
| 250 | _a1. ed. | ||
| 264 | 1 | _bEl Colegio de Mexico, | |
| 264 | 3 | _bProject MUSE, | |
| 300 |
_a1 online resource (xvi, 247 p.) : _bmaps ; |
||
| 504 | _aIncludes bibliographical references (p. 207-218). | ||
| 506 | 0 |
_aOpen Access _fUnrestricted online access _2star |
|
| 588 | _aDescription based on print version record. | ||
| 650 | 0 |
_aSociology, Urban _zMexico _zMexico City. |
|
| 650 | 0 |
_aCity and town life _zMexico _zMexico City. |
|
| 650 | 0 |
_aPublic spaces _zMexico _zMexico City. |
|
| 655 | 7 |
_aElectronic books. _2local |
|
| 710 | 2 |
_aProject Muse. _edistributor |
|
| 830 | 0 | _aBook collections on Project MUSE. | |
| 856 | 4 | 0 |
_zFull text available: _uhttps://muse.jhu.edu/book/74715/ |
| 999 |
_c26520 _d26520 |
||